[Event "Antioquia Region-ch U12 Especial"]
[Site "Medellin"]
[Date "2013.04.12"]
[Round "1.5"]
[White "Ospina Castro, Santiago"]
[Black "Ruiz Vinasco, Juan Francisco"]
[Result "1-0"]
[WhiteElo "1576"]
[BlackElo "1252"]
[PlyCount "49"]
[EventDate "2013.04.12"]
[EventType "swiss"]
[EventRounds "6"]
[EventCountry "COL"]
[SourceTitle "EXT 2024"]
[Source "ChessBase"]
[SourceDate "2023.10.10"]
[SourceVersion "1"]
[SourceVersionDate "2023.10.10"]
[SourceQuality "1"]

1. e4 e5 2. Nf3 Nc6 3. Bc4 Nf6 4. d4 d6 5. dxe5 dxe5 6. Qxd8+ Nxd8 7. Nc3 Bc5 8. Nxe5 0-0 9. 0-0 Be6 10. Bxe6 Nxe6 11. Nf3 Bd6 12. e5 Bxe5 13. Nxe5 Rad8 14. Be3 b6 15. Nc6 Ra8 16. Rfd1 Ng4 17. Rd2 Nxe3 18. fxe3 a5 19. Rd7 a4 20. Nd5 g6 21. Nxc7 Nxc7 22. Rxc7 Rac8 23. Rxc8 Rxc8 24. Ne7+ Kf8 25. Nxc8 1-0